Karel Gott. 2. díl
| Main Author: | Gott, Karel, 1939-2019 |
|---|---|
| Other Authors: | Černý, Miroslav, 1937- |
| Language: | Czech |
| Published: |
Cheb : G + W, 2006 |
| Edition: | 1. vyd. |
| Physical Description: |
1 zpěvník (167 s.) : il. ; 25 cm |
| LEADER | 01256ncm a2200361 a 4500 | ||
|---|---|---|---|
| 001 | 000838047 | ||
| 003 | CZ BrMZK | ||
| 005 | 20070131101757.0 | ||
| 007 | qu | ||
| 008 | 070116s2006 xr ppz g cze d | ||
| 024 | 2 | |a M-706509-50-1 | |
| 040 | |a BOA001 |b cze | ||
| 048 | |b vu | ||
| 072 | 7 | |a 784 |x Vokální hudba |2 Konspekt |9 9 | |
| 080 | |a 784.4 |2 MRF | ||
| 080 | |a 78.089 |2 MRF | ||
| 100 | 1 | |a Gott, Karel, |d 1939-2019 |7 jk01032549 |4 sng | |
| 245 | 1 | 0 | |a Karel Gott. |n 2. díl |h [hudebnina] / |c sestavil Miroslav Černý |
| 250 | |a 1. vyd. | ||
| 254 | |a Zpěvník | ||
| 260 | |a Cheb : |b G + W, |c 2006 | ||
| 300 | |a 1 zpěvník (167 s.) : |b il. ; |c 25 cm | ||
| 650 | 0 | 7 | |a populární písně |7 ph124354 |y 1961-1970 |2 czenas |
| 650 | 0 | 7 | |a populární písně |7 ph124354 |y 1971-1980 |2 czenas |
| 650 | 0 | 7 | |a populární písně |7 ph124354 |y 1981-1990 |2 czenas |
| 650 | 0 | 7 | |a populární písně |7 ph124354 |y 1991-2000 |2 czenas |
| 650 | 0 | 7 | |a populární písně |7 ph124354 |y 2001-2010 |2 czenas |
| 655 | 7 | |a zpěvníky |7 fd133876 |2 czenas | |
| 700 | 1 | |a Černý, Miroslav, |d 1937- |7 jn19990209124 |4 com | |
| 910 | |a BOA001 |b Mus2-1178.271,2 | ||
| 990 | |a MU | ||
| 991 | |b 200701 |c NOV | ||
| 996 | 6 | |b 2610297559 |c Mus2-1178.271,2 |l MZK |r Sklad / do 1 hodiny |n 6 |w 000838047 |u 000010 |a 1 |e BOA001 |j MZK50 |s P | |
English
Čeština 